Construction Management and Accounts/ (Record no. 12872)

MARC details
000 -LEADER
fixed length control field 00373nam a22001217a 4500
008 - FIXED-LENGTH DATA ELEMENTS--GENERAL INFORMATION
fixed length control field 091105t xxu||||| |||| 00| 0 eng d
020 ## - INTERNATIONAL STANDARD BOOK NUMBER
International Standard Book Number 8121900581
082 ## - DEWEY DECIMAL CLASSIFICATION NUMBER
Edition number 22
Classification number 692
Item number NAG
245 ## - TITLE STATEMENT
Title Construction Management and Accounts/
Statement of responsibility, etc By D. Nagarajan & K. B. Krishnamurthi
260 ## - PUBLICATION, DISTRIBUTION, ETC. (IMPRINT)
Place of publication, distribution, etc New Delhi:
Name of publisher, distributor, etc S. Chand & Company,
Date of publication, distribution, etc 1987
300 ## - PHYSICAL DESCRIPTION
Extent 176p.:
Other physical details ill.;
Dimensions 20 cm.
942 ## - ADDED ENTRY ELEMENTS (KOHA)
Source of classification or shelving scheme Dewey Decimal Classification
Item type Book - Borrowing
Holdings
Withdrawn status Item status Source of classification or shelving scheme Damaged status Not for loan Vendor Home library Current library Shelving location Date acquired Source of acquisition Total Checkouts Full call number Barcode Date last seen Koha item type
    Dewey Decimal Classification       Central Library Central Library First floor 05/11/2009     692 NAG 000018670 15/07/2025 Book - Borrowing